serun
ՀԱՅ ԳԻՐՔ = Armenian Book

Սարդարապատի, Բաշ-Ապարանի և Ղարաքիլիսայի հերոսամարտերը : (Record no. 165396)

000 -LEADER
fixed length control field nam a22 a 4500
003 - CONTROL NUMBER IDENTIFIER
control field AM-YeNLA
005 - DATE AND TIME OF LATEST TRANSACTION
control field 20251204143327.0
007 - PHYSICAL DESCRIPTION FIXED FIELD--GENERAL INFORMATION
fixed length control field ta
008 - FIXED-LENGTH DATA ELEMENTS--GENERAL INFORMATION
fixed length control field 251204s1988 ai ||||gr|||||000|0|arm||
040 ## - CATALOGING SOURCE
Language of cataloging arm
Transcribing agency AM-YeNLA
041 0# - LANGUAGE CODE
Language code of text/sound track or separate title arm
245 00 - TITLE STATEMENT
Title Սարդարապատի, Բաշ-Ապարանի և Ղարաքիլիսայի հերոսամարտերը :
Remainder of title Գիտաինֆորմ. բյուլետեն /
Statement of responsibility, etc. Կազմ.՝ Ռ.Հ. Խերանյան ; Պատ. խմբ.՝ Բ.Ա. Ուլուբաբյան ; Հայկական ՍՍՀ գիտությունների ակադեմիա ; Հասարակական գիտությունների գիտական ինֆորմացիայի կենտրոն.
246 14 - VARYING FORM OF TITLE
Title proper/short title Մատենագիտական ժողովածու
260 ## - PUBLICATION, DISTRIBUTION, ETC. (IMPRINT)
Place of publication, distribution, etc. Երևան :
Name of publisher, distributor, etc. Առանց հրատ.,
Date of publication, distribution, etc. 1988.
300 ## - PHYSICAL DESCRIPTION
Extent 34 էջ ;
Dimensions 20 սմ.
650 14 - SUBJECT ADDED ENTRY--TOPICAL TERM
Topical term or geographic name as entry element Ճյուղային մատենագիտություն
650 14 - SUBJECT ADDED ENTRY--TOPICAL TERM
Topical term or geographic name as entry element Հայ ժողովրդի պատմություն
General subdivision Ազգային ազատագրական շարժում
700 1# - ADDED ENTRY--PERSONAL NAME
Personal name Խերանյան, Ռ.Հ.
Relator term կազմ.
Relator code com
9 (RLIN) 29602
700 1# - ADDED ENTRY--PERSONAL NAME
Personal name Ուլուբաբյան, Բագրատ Արշակի,
Dates associated with a name 1925-2001
Relator term խմբ.
Relator code edt
9 (RLIN) 30397
710 2# - ADDED ENTRY--CORPORATE NAME
Corporate name or jurisdiction name as entry element Հայկական ՍՍՀ գիտությունների ակադեմիա ։
Subordinate unit Հասարակական գիտությունների գիտական ինֆորմացիայի կենտրոն
942 ## - ADDED ENTRY ELEMENTS (KOHA)
Source of classification or shelving scheme
Koha item type Books
Holdings
Withdrawn status Lost status Source of classification or shelving scheme Damaged status Not for loan Permanent Location Current Location Date acquired Inventory number Date last seen Price effective from Koha item type
          National Library of Armenia National Library of Armenia 2025-12-04 ՀԱԳ 2025-12-04 2025-12-04 Books

Հայաստանի ազգային գրադարան ՀՀ, 0009,Երևան, Տերյան 72
Հետադարձ կապ